000 00472nam a2200169Ia 4500
008 100204s9999 xx 000 0 und d
082 _b27843
100 _aकमगोल्ड जोसेफ
245 _aअॅड नाउ मिगेल
250 _a0
260 _c2005
300 _a159
630 _aअॅड नाउ मिगेल
700 _aकिणीकर रॉय
730 _aअॅड नाउ मिगेल
942 _cBOOK
999 _c473023
_d473020